| 000 | 00568aas a2200169 4500 | ||
|---|---|---|---|
| 999 |
_c50078 _d50078 |
||
| 001 | 768714001 | ||
| 003 | CO-MdFUSB | ||
| 005 | 20170906100507.0 | ||
| 008 | 170906s1989 ag ||||| |||| 00| 0 spa d | ||
| 022 | _a0326-6737 | ||
| 040 |
_aCO-MdFUSB _bspa _cCO-MdFUSB _dCO-MdFUSB |
||
| 041 | _aspa | ||
| 245 | 1 | 0 |
_aTeología de la liberación sudafricana : _bun llamado a la valentía |
| 300 |
_aVolumen 10. Número 2 (1989), páginas 91-93 _c: 23 cm. |
||
| 773 | 0 |
_tCuadernos de Teología _049404 _959712 _gVolumen 10. Número 2 (1989), páginas 91-93 _qPágina 91 |
|
| 942 | _cANA | ||